logo

ANALES DE LA REAL ACADEMIA MATRITENSE DE HERALDICA Y GENEALOGIA (CORBATA DE LA ORDEN DE LA REPUBLICA A LA GUARDIA CIVIL) (Record no. 68060)

MARC details
000 -CABECERA
campo de control de longitud fija 00576nam a2200181Ia 4500
001 - NÚMERO DE CONTROL
campo de control 32724
005 - FECHA Y HORA DE LA ÚLTIMA TRANSACCIÓN
campo de control 20260407100328.0
008 - CÓDIGOS DE INFORMACIÓN DE LONGITUD FIJA
campo de control de longitud fija 260115s9999 xx 000 0 und d
010 ## - NÚMERO DE CONTROL DE LA BIBLIOTECA DEL CONGRESO
Número de control de LC 68060
035 ## - NÚMERO DE CONTROL DEL SISTEMA
Número de control de sistema 22269
090 ## - LOCALMENTE ASIGNADO TIPO-LC NÚMERO DE CLASIFICACIÓN (OCLC); NÚMERO DE CLASIFICACIÓN LOCAL (RLIN)
Número de clasificación (OCLC) (R) ; Numero de clasificación CALL (RLIN) (NR) 929.62(355)
100 ## - PUNTO DE ACCESO PRINCIPAL - NOMBRE DE PERSONA
Nombre de persona FERNANDEZ -XESTA Y VAZQUEZ ERNESTO
245 #0 - MENCIÓN DE TÍTULO
Título ANALES DE LA REAL ACADEMIA MATRITENSE DE HERALDICA Y GENEALOGIA (CORBATA DE LA ORDEN DE LA REPUBLICA A LA GUARDIA CIVIL)
260 ## - PUBLICACIÓN, DISTRIBUCIÓN, ETC. (PIE DE IMPRENTA)
Nombre del editor distribuidor etc. REAL ACADEMIA MATRITENSE DE HERALDICA Y GENEALOGIA
Fecha de publicación distribución etc. 2023
630 ## - PUNTO DE ACCESO ADICIONAL DE MATERIA--TÍTULO UNIFORME
Título uniforme HERLADICA;BLASONES ESCUDOS
650 ## - PUNTO DE ACCESO ADICIONAL DE MATERIA--TÉRMINO DE MATERIA
Término de materia o nombre geográfico como elemento inicial HERALDICA
942 ## - ELEMENTOS DE PUNTO DE ACCESO ADICIONAL (KOHA)
Tipo de ítem Koha Monografías
Holdings
Estado de retiro Estado de pérdida Estado dañado No para préstamo Código de colección Localización permanente Ubicación/localización actual Ubicación en estantería Fecha de adquisición Enumeración/cronología de publicación seriada Número de inventario Número de registro Total de préstamos Signatura topográfica completa Código de barras Fecha visto por última vez Número de copia Precio válido a partir de Tipo de ítem Koha Nota pública
          Servicio de Estudios Históricos Servicio de Estudios Históricos   03/04/2024 929.62(355) 29615 29615   22269 FH_32724 05/02/2026 1 05/02/2026 Monografías VOLUMEN XXVI, ( MIEMBROS DEL CUERPO DE LA GUARDIA CIVIL HOMENAJEADOS EN LA CONCESIÓN DE LA CORBATA DE LA ORDEN DE LA REPUBLICA)